000 00205nam a22000857a 4500
008 170620b xxu||||| |||| 00| 0 eng d
100 _93561
_aNagpal.K
245 _aEssays for All
260 _aNew Delhi
_bR.C
_c2012
999 _c6946
_d6946